| 000 | 00451nam a2200181Ia 4500 | ||
|---|---|---|---|
| 008 | 180207s9999 xx 000 0 und d | ||
| 020 | _a9780861633876 | ||
| 050 | _bR591 1987 | ||
| 100 | _aRipley, Ivan | ||
| 245 | 2 | _aA little book of rainbow stories / | |
| 245 | _cIvan Ripley. | ||
| 260 | _aLondon : | ||
| 260 | _bAward Publications Limited, | ||
| 260 | _c1987 | ||
| 300 | _a32 pages : | ||
| 300 | _bcolor illustration ; | ||
| 300 | _c25cm. | ||
| 999 |
_c355428 _d355428 |
||